000 00581nam a22002177a 4500
003 UA-OsUOA
001 115372
007 ta
008 20151221b un ||||| |||| 00| 0 ukr d
090 _a821.161.2
_bА64
942 _cBK
040 _aUA-OsUOA
_bukr
_cUA-OsUOA
_dUA-OsUOA
245 _aАнгели не сплять
_bзбірка поезій
300 _a112 с.
955 _a3
041 _aukr
080 _a821.161.2
260 _aОстрог
_bНаУОА
_c2012
650 7 _a82 Література. Літературознавство
_2UDC
999 _c401520
_d401520